[Event "SVK-chT2D 2122"]
[Site "Slovakia"]
[Date "2022.03.06"]
[Round "7.5"]
[White "Zrost, Rudolf"]
[Black "Kopnicky, Vladimir"]
[Result "1/2-1/2"]
[WhiteElo "1984"]
[BlackElo "2081"]
[PlyCount "46"]
[EventDate "2021.10.16"]
[EventType "team-tourn"]
[EventRounds "11"]
[EventCountry "SVK"]
[SourceTitle "EXT 2023"]
[Source "ChessBase"]
[SourceDate "2022.10.05"]
[SourceVersion "1"]
[SourceVersionDate "2022.10.05"]
[SourceQuality "1"]
[WhiteTeam "Spisska Nova Ves"]
[BlackTeam "Poprad LS VD"]
[WhiteTeamCountry "SVK"]
[BlackTeamCountry "SVK"]

1. d4 Nf6 2. Nf3 g6 3. c4 Bg7 4. g3 0-0 5. Bg2 c6 6. 0-0 d6 7. Nc3 Bf5 8. Nh4 Be6 9. Qd3 Qc8 10. Re1 Na6 11. a3 Rb8 12. Bd2 Bh3 13. Bh1 e5 14. dxe5 dxe5 15. Be3 Qc7 16. Rad1 Rbd8 17. Qc2 Be6 18. Qa4 Nd7 19. Bxa7 Nac5 20. Bxc5 Nxc5 21. Qb4 Na6 22. Qa4 Nc5 23. Qb4 Na6 1/2-1/2

[Event "SVK-chT2D 1819"]
[Site "Slovakia"]
[Date "2018.12.15"]
[Round "5.5"]
[White "Andras, Tomas"]
[Black "Kopnicky, Vladimir"]
[Result "0-1"]
[WhiteElo "2088"]
[BlackElo "2082"]
[PlyCount "96"]
[EventDate "2018.10.13"]
[EventType "team-tourn"]
[EventRounds "11"]
[EventCountry "SVK"]
[SourceTitle "CBM 189 Extra"]
[Source "ChessBase"]
[SourceDate "2019.06.03"]
[SourceVersion "1"]
[SourceVersionDate "2019.06.03"]
[SourceQuality "1"]
[WhiteTeam "Spisska Nova Ves"]
[BlackTeam "Poprad LS VD"]
[WhiteTeamCountry "SVK"]
[BlackTeamCountry "SVK"]

1. e4 d5 2. exd5 Qxd5 3. Nc3 Qa5 4. d4 c6 5. Bd2 Qc7 6. Bd3 Nf6 7. Qe2 Bg4 8. f3 Bh5 9. 0-0-0 Nbd7 10. Nh3 e6 11. Nf4 Bd6 12. Nxh5 Nxh5 13. d5 Nf4 14. Bxf4 Bxf4+ 15. Kb1 cxd5 16. Nxd5 Qe5 17. Nxf4 Qxf4 18. Bb5 0-0-0 19. Bxd7+ Rxd7 20. Rxd7 Kxd7 21. Rd1+ Ke7 22. Qb5 Kf6 23. g3 Qc7 24. Qb4 h5 25. Qd4+ e5 26. Qxa7 h4 27. f4 hxg3 28. fxe5+ Qxe5 29. hxg3 Qe4 30. Qf2+ Kg6 31. Qe1 Qxe1 32. Rxe1 Rh3 33. c4 Rxg3 34. Re7 f5 35. Kc1 Rd3 36. Kc2 Rd8 37. Rxb7 f4 38. Rb3 Kf5 39. Rd3 Re8 40. Rd5+ Kg4 41. Rd7 g5 42. Rf7 Kf3 43. b4 g4 44. c5 g3 45. c6 Rg8 46. Rd7 g2 47. Rd1 Rc8 48. b5 Kg3 0-1

[Event "SVK-chT2D 1718"]
[Site "Slovakia"]
[Date "2018.03.17"]
[Round "10.2"]
[White "Kopnicky, Vladimir"]
[Black "Sepesi, Samuel"]
[Result "0-1"]
[WhiteElo "2089"]
[BlackElo "2187"]
[PlyCount "52"]
[EventDate "2017.10.28"]
[EventType "team-tourn"]
[EventRounds "11"]
[EventCountry "SVK"]
[SourceTitle "EXT 2020"]
[Source "ChessBase"]
[SourceDate "2019.10.17"]
[SourceVersion "1"]
[SourceVersionDate "2019.10.17"]
[SourceQuality "1"]
[WhiteTeam "Poprad LS VD"]
[BlackTeam "Kosice 1 CC"]
[WhiteTeamCountry "SVK"]
[BlackTeamCountry "SVK"]

1. d4 Nf6 2. c4 e5 3. dxe5 Ng4 4. Bf4 g5 5. Bg3 Bg7 6. Nf3 Nc6 7. Nc3 Ngxe5 8. Nxe5 Nxe5 9. e3 d6 10. h4 g4 11. h5 h6 12. Qc2 Be6 13. Nd5 Qd7 14. Bh4 f5 15. Nf6+ Bxf6 16. Bxf6 0-0 17. Bh4 Qc6 18. Rc1 Rae8 19. Rg1 f4 20. Be2 g3 21. fxg3 Bf5 22. Qd2 Nd3+ 23. Bxd3 Rxe3+ 24. Be2 Rfe8 25. Qd5+ Qxd5 26. cxd5 Rxe2+ 0-1

[Event "SVK-chT2D 1718"]
[Site "Slovakia"]
[Date "2018.02.04"]
[Round "7.2"]
[White "Kopnicky, Vladimir"]
[Black "Panko, Radoslav"]
[Result "1/2-1/2"]
[WhiteElo "2106"]
[BlackElo "2049"]
[PlyCount "41"]
[EventDate "2017.10.28"]
[EventType "team-tourn"]
[EventRounds "11"]
[EventCountry "SVK"]
[SourceTitle "EXT 2019"]
[Source "ChessBase"]
[SourceDate "2018.10.10"]
[SourceVersion "1"]
[SourceVersionDate "2018.10.10"]
[SourceQuality "1"]
[WhiteTeam "Poprad LS VD"]
[BlackTeam "Bardejov II"]
[WhiteTeamCountry "SVK"]
[BlackTeamCountry "SVK"]

1. e4 e6 2. d4 d5 3. Nc3 Nf6 4. Bg5 Be7 5. Bxf6 Bxf6 6. Nf3 0-0 7. Be2 dxe4 8. Nxe4 b6 9. 0-0 Bb7 10. Nxf6+ Qxf6 11. Ne5 Rd8 12. Bf3 Bxf3 13. Qxf3 Qxf3 14. Nxf3 Nc6 15. Rfd1 f6 16. Rd2 Kf7 17. Rad1 Rd7 18. Kf1 Rad8 19. Ke2 Re8 20. c4 Red8 21. Ke3 1/2-1/2

[Event "SVK-chT2D 1718"]
[Site "Slovakia"]
[Date "2018.01.14"]
[Round "6.2"]
[White "Turzak, Milan1111"]
[Black "Kopnicky, Vladimir"]
[Result "0-1"]
[WhiteElo "1945"]
[BlackElo "2106"]
[PlyCount "72"]
[EventDate "2017.10.28"]
[EventType "team-tourn"]
[EventRounds "11"]
[EventCountry "SVK"]
[SourceTitle "EXT 2019"]
[Source "ChessBase"]
[SourceDate "2018.10.10"]
[SourceVersion "1"]
[SourceVersionDate "2018.10.10"]
[SourceQuality "1"]
[WhiteTeam "Gelnica Slovan"]
[BlackTeam "Poprad LS VD"]
[WhiteTeamCountry "SVK"]
[BlackTeamCountry "SVK"]

1. e4 d5 2. exd5 Qxd5 3. Nc3 Qa5 4. d4 c6 5. Nf3 Bf5 6. Bd3 Bxd3 7. Qxd3 e6 8. Bd2 Bb4 9. a3 Nf6 10. 0-0 Bxc3 11. Bxc3 Qc7 12. Ne5 Nbd7 13. f4 Rd8 14. Qe2 Nxe5 15. fxe5 Nd5 16. Qg4 g6 17. Bd2 h5 18. Qf3 Rh7 19. Bg5 Rd7 20. c3 Qb6 21. Rf2 Qb3 22. Raf1 a5 23. Qe4 Rg7 24. Bh6 Rg8 25. Bg5 a4 26. g4 hxg4 27. Qxg4 Rh8 28. Rxf7 Rxf7 29. Qxe6+ Ne7 30. c4 Rxf1+ 31. Kxf1 Qd1+ 32. Kf2 Rxh2+ 33. Kg3 Qg1+ 34. Kf4 Qxd4+ 35. Kf3 Qf2+ 36. Ke4 Qf5+ 0-1

[Event "SVK-chT2D 1718"]
[Site "Slovakia"]
[Date "2017.10.29"]
[Round "2.2"]
[White "Bemak, Mikhail"]
[Black "Kopnicky, Vladimir"]
[Result "1/2-1/2"]
[WhiteElo "2095"]
[BlackElo "2106"]
[PlyCount "52"]
[EventDate "2017.10.28"]
[EventType "team-tourn"]
[EventRounds "11"]
[EventCountry "SVK"]
[SourceTitle "EXT 2019"]
[Source "ChessBase"]
[SourceDate "2018.10.10"]
[SourceVersion "1"]
[SourceVersionDate "2018.10.10"]
[SourceQuality "1"]
[WhiteTeam "Velke Kapusany"]
[BlackTeam "Poprad LS VD"]
[WhiteTeamCountry "SVK"]
[BlackTeamCountry "SVK"]

1. c4 e6 2. d4 Nf6 3. g3 Bb4+ 4. Bd2 Bxd2+ 5. Nxd2 0-0 6. Bg2 d6 7. e3 e5 8. Ne2 c5 9. 0-0 Qc7 10. h3 exd4 11. exd4 Nc6 12. Nf3 Bf5 13. Nf4 Be4 14. d5 Bxf3 15. Qxf3 Nd4 16. Qd3 Rfe8 17. Rfe1 Re7 18. Re3 Rae8 19. Rae1 Kf8 20. Rxe7 Rxe7 21. Re3 Qa5 22. a3 Qa4 23. Rxe7 Kxe7 24. Ne2 Nxe2+ 25. Qxe2+ Kf8 26. Qd3 Qe8 1/2-1/2

[Event "SVK-chT2D 1617"]
[Site "Slovakia"]
[Date "2017.02.12"]
[Round "9.3"]
[White "Ackerman, Ernest"]
[Black "Kopnicky, Vladimir"]
[Result "1-0"]
[WhiteElo "2074"]
[BlackElo "2093"]
[PlyCount "81"]
[EventDate "2016.10.08"]
[EventType "team-tourn"]
[EventRounds "11"]
[EventCountry "SVK"]
[SourceTitle "EXT 2018"]
[Source "ChessBase"]
[SourceDate "2017.10.13"]
[SourceVersion "1"]
[SourceVersionDate "2017.10.13"]
[SourceQuality "1"]
[WhiteTeam "Kosice Dynamo"]
[BlackTeam "Poprad LS VD"]
[WhiteTeamCountry "SVK"]
[BlackTeamCountry "SVK"]

1. c4 e6 2. Nc3 d5 3. d4 Nf6 4. Nf3 Bb4 5. a3 Bxc3+ 6. bxc3 0-0 7. e3 Nc6 8. Bd3 Na5 9. Ne5 b6 10. cxd5 exd5 11. 0-0 Bb7 12. a4 Re8 13. Rb1 Qd6 14. f4 Ne4 15. Qh5 Re7 16. Rf3 g6 17. Qh6 f6 18. Ng4 f5 19. Ne5 Nxc3 20. Ra1 Rg7 21. Ba3 Qe6 22. Bb4 Ne4 23. Bxa5 bxa5 24. Rff1 Ba6 25. Qh4 c5 26. Bxa6 Qxa6 27. dxc5 Nxc5 28. Qe1 Rb8 29. Qd1 Qe6 30. Qc2 Nd7 31. Rab1 Rb4 32. Qc8+ Nf8 33. Qd8 Rgb7 34. Rbc1 Rb8 35. Qxa5 R4b6 36. Rc7 Ra6 37. Qc5 Qd6 38. Qxd6 Rxd6 39. Rxa7 d4 40. exd4 Rxd4 41. Nc6 1-0

[Event "SVK-chT1E 1516"]
[Site "Slovakia"]
[Date "2015.12.12"]
[Round "5.6"]
[White "Kopnicky, Vladimir"]
[Black "Svana, Kamil"]
[Result "1/2-1/2"]
[WhiteElo "2053"]
[BlackElo "2106"]
[PlyCount "36"]
[EventDate "2015.10.24"]
[EventType "team-tourn"]
[EventRounds "11"]
[EventCountry "SVK"]
[SourceTitle "CBM 170 Extra"]
[Source "ChessBase"]
[SourceDate "2016.02.25"]
[SourceVersion "1"]
[SourceVersionDate "2016.02.25"]
[SourceQuality "1"]
[WhiteTeam "Margecany"]
[BlackTeam "Spisska Nova Ves"]
[WhiteTeamCountry "SVK"]
[BlackTeamCountry "SVK"]

1. e4 e5 2. Nf3 Nc6 3. Bc4 Be7 4. d4 d6 5. c3 Nf6 6. Qe2 Bg4 7. d5 Nb8 8. h3 Bh5 9. Bb3 Nbd7 10. Ba4 0-0 11. g4 Bg6 12. Bxd7 Qxd7 13. Nfd2 c6 14. c4 cxd5 15. cxd5 Rac8 16. Nc3 a6 17. a4 h5 18. f3 Qc7 1/2-1/2

[Event "SVK-chT1E 1516"]
[Site "Slovakia"]
[Date "2015.10.24"]
[Round "1.4"]
[White "Kopnicky, Vladimir"]
[Black "Fedorko, Stefan"]
[Result "1/2-1/2"]
[WhiteElo "2053"]
[BlackElo "2143"]
[PlyCount "61"]
[EventDate "2015.10.24"]
[EventType "team-tourn"]
[EventRounds "11"]
[EventCountry "SVK"]
[SourceTitle "CBM 169 Extra"]
[Source "ChessBase"]
[SourceDate "2015.12.18"]
[SourceVersion "1"]
[SourceVersionDate "2015.12.18"]
[SourceQuality "1"]
[WhiteTeam "Margecany"]
[BlackTeam "Bardejov"]
[WhiteTeamCountry "SVK"]
[BlackTeamCountry "SVK"]

1. e4 e5 2. Nf3 Nf6 3. Nc3 Bb4 4. Bc4 0-0 5. 0-0 d6 6. Nd5 Nxd5 7. exd5 Bg4 8. Be2 Nd7 9. d4 h6 10. c3 Ba5 11. dxe5 Bxf3 12. Bxf3 Nxe5 13. Be2 Bb6 14. Kh1 f5 15. f4 Nd7 16. Bd3 Qf6 17. Qc2 Rae8 18. Bd2 Re7 19. Rae1 Rfe8 20. Rxe7 Rxe7 21. Re1 g6 22. g3 Nc5 23. Kg2 Kf7 24. Be3 Nd7 25. Bd2 Rxe1 26. Bxe1 Qe7 27. Qe2 Nf6 28. Qxe7+ Kxe7 29. h3 Be3 30. Kf1 Kd7 31. Ke2 1/2-1/2

[Event "SVK-chT1E 1415"]
[Site "Slovakia"]
[Date "2015.01.11"]
[Round "6.5"]
[White "Csolto, Tibor"]
[Black "Kopnicky, Vladimir"]
[Result "1/2-1/2"]
[WhiteElo "2154"]
[BlackElo "2062"]
[PlyCount "52"]
[EventDate "2014.10.18"]
[EventType "team-tourn"]
[EventRounds "11"]
[EventCountry "SVK"]
[SourceTitle "EXT 2016"]
[Source "ChessBase"]
[SourceDate "2015.10.08"]
[SourceVersion "1"]
[SourceVersionDate "2015.10.08"]
[SourceQuality "1"]
[WhiteTeam "Jelsava"]
[BlackTeam "Margecany"]
[WhiteTeamCountry "SVK"]
[BlackTeamCountry "SVK"]

1. e4 d5 2. exd5 Nf6 3. Bb5+ Bd7 4. Be2 Nxd5 5. d4 e6 6. Nf3 Be7 7. 0-0 0-0 8. c4 Nf6 9. Nc3 Nc6 10. b3 Bb4 11. Qd3 Re8 12. Bb2 Bf8 13. Ne5 Rb8 14. Rad1 h6 15. Qf3 Qe7 16. Qe3 a6 17. f4 g6 18. Bf3 Nxe5 19. fxe5 Nh7 20. Ne4 Bc6 21. Nc5 Bxf3 22. Qxf3 Ng5 23. Qf4 b6 24. Nd3 c6 25. h4 Nh7 26. c5 b5 1/2-1/2

[Event "SVK-chT2D 1314"]
[Site "Slovakia"]
[Date "2014.03.16"]
[Round "11.1"]
[White "Pcola, Jaroslav1111"]
[Black "Kopnicky, Vladimir"]
[Result "1/2-1/2"]
[WhiteElo "1890"]
[BlackElo "2108"]
[PlyCount "23"]
[EventDate "2013.10.19"]
[EventType "team-tourn"]
[EventRounds "11"]
[EventCountry "SVK"]
[SourceTitle "EXT 2015"]
[Source "ChessBase"]
[SourceDate "2014.11.20"]
[SourceVersion "1"]
[SourceVersionDate "2014.11.20"]
[SourceQuality "1"]
[WhiteTeam "Humenne II"]
[BlackTeam "Margecany"]
[WhiteTeamCountry "SVK"]
[BlackTeamCountry "SVK"]

1. e4 e5 2. Nf3 Nc6 3. Bb5 a6 4. Ba4 Nf6 5. 0-0 Be7 6. Re1 b5 7. Bb3 d6 8. h3 0-0 9. c3 Na5 10. Bc2 c5 11. d3 Nc6 12. Nbd2 1/2-1/2

[Event "SVK-chT2D 1314"]
[Site "Slovakia"]
[Date "2014.02.23"]
[Round "9.2"]
[White "Klemanic, Emil"]
[Black "Kopnicky, Vladimir"]
[Result "1-0"]
[WhiteElo "2249"]
[BlackElo "2108"]
[PlyCount "87"]
[EventDate "2013.10.19"]
[EventType "team-tourn"]
[EventRounds "11"]
[EventCountry "SVK"]
[SourceTitle "EXT 2015"]
[Source "ChessBase"]
[SourceDate "2014.11.20"]
[SourceVersion "1"]
[SourceVersionDate "2014.11.20"]
[SourceQuality "1"]
[WhiteTeam "Kosice Slavia UPJS III"]
[BlackTeam "Margecany"]
[WhiteTeamCountry "SVK"]
[BlackTeamCountry "SVK"]

1. e4 d6 2. f4 c5 3. Nc3 Nc6 4. g3 g6 5. Bg2 Bg7 6. Nf3 Bd7 7. d3 Qc8 8. 0-0 Bh3 9. f5 Bxg2 10. Kxg2 Qd7 11. Be3 gxf5 12. exf5 0-0-0 13. d4 cxd4 14. Nxd4 Kb8 15. Nxc6+ Qxc6+ 16. Qf3 Qxf3+ 17. Rxf3 Be5 18. Rd1 Nf6 19. Bd4 Nd7 20. Bxe5 Nxe5 21. Rf4 a6 22. Nd5 e6 23. Nf6 Kc7 24. b3 Kc6 25. c4 h5 26. fxe6 fxe6 27. Rh4 Rh6 28. Rf1 Rdh8 29. h3 b5 30. cxb5+ axb5 31. a4 d5 32. a5 Kd6 33. g4 hxg4 34. Rxh6 Rxh6 35. Nxg4 Rg6 36. Kg3 Nc6 37. a6 Rg7 38. Ra1 Ra7 39. h4 e5 40. h5 Nb4 41. h6 Ke6 42. h7 Ra8 43. a7 Nc6 44. Ra6 1-0

[Event "SVK-chT2D 1314"]
[Site "Slovakia"]
[Date "2014.01.11"]
[Round "5.2"]
[White "Presalovic, Marcel"]
[Black "Kopnicky, Vladimir"]
[Result "1/2-1/2"]
[WhiteElo "2122"]
[BlackElo "2108"]
[PlyCount "86"]
[EventDate "2013.10.19"]
[EventType "team-tourn"]
[EventRounds "11"]
[EventCountry "SVK"]
[SourceTitle "EXT 2015"]
[Source "ChessBase"]
[SourceDate "2014.11.20"]
[SourceVersion "1"]
[SourceVersionDate "2014.11.20"]
[SourceQuality "1"]
[WhiteTeam "Gelnica Slovan"]
[BlackTeam "Margecany"]
[WhiteTeamCountry "SVK"]
[BlackTeamCountry "SVK"]

1. d4 Nf6 2. c4 e5 3. dxe5 Ng4 4. Nf3 Bc5 5. e3 Nc6 6. Nc3 0-0 7. Be2 Ngxe5 8. 0-0 Re8 9. b3 Bf8 10. Bb2 d6 11. Qd2 Bg4 12. Nxe5 Nxe5 13. Bxg4 Nxg4 14. Qe2 Qh4 15. h3 Nf6 16. Nb5 Re7 17. Rfd1 Ne4 18. Rd4 a6 19. Nc3 Nxc3 20. Bxc3 Qf6 21. Qd3 Qg6 22. e4 Rae8 23. f3 Re5 24. Rd5 Rg5 25. Rxg5 Qxg5 26. Re1 c6 27. Qd2 Qxd2 28. Bxd2 g6 29. Bb4 Re6 30. Rd1 f5 31. exf5 gxf5 32. g4 fxg4 33. hxg4 Kf7 34. Kf2 Rh6 35. Kg3 Re6 36. Rd3 b5 37. f4 c5 38. Bd2 bxc4 39. bxc4 Re4 40. Rc3 Re2 41. Rc2 Bg7 42. Kf3 Rh2 43. Kg3 Re2 1/2-1/2

[Event "SVK-chT1E 1213"]
[Site "Slovakia"]
[Date "2012.12.08"]
[Round "3.4"]
[White "Kopnicky, Vladimir"]
[Black "Mraz, Ondrej"]
[Result "1-0"]
[WhiteElo "2121"]
[BlackElo "2024"]
[PlyCount "59"]
[EventDate "2012.10.20"]
[EventType "team-tourn"]
[EventRounds "11"]
[EventCountry "SVK"]
[SourceTitle "EXT 2014"]
[Source "ChessBase"]
[SourceDate "2013.11.20"]
[SourceVersion "1"]
[SourceVersionDate "2013.11.20"]
[SourceQuality "1"]
[WhiteTeam "Svit"]
[BlackTeam "Liptov Chess School"]
[WhiteTeamCountry "SVK"]
[BlackTeamCountry "SVK"]

1. c4 e5 2. Nc3 Nf6 3. g3 d5 4. cxd5 Nxd5 5. Bg2 Nb6 6. Nf3 Nc6 7. 0-0 Be7 8. d3 0-0 9. Be3 Be6 10. Rc1 f5 11. a3 Qe8 12. b4 a6 13. Bc5 Rd8 14. Qc2 Nd7 15. Bxe7 Qxe7 16. Na4 Bd5 17. e3 Rf6 18. Nc3 Nb6 19. Nxd5 Nxd5 20. Qa2 Kh8 21. Rc5 Nb6 22. Qc2 Rfd6 23. d4 exd4 24. exd4 Nxd4 25. Nxd4 Rxd4 26. Rxc7 R8d7 27. Rc5 Rd3 28. Rxf5 Rxa3 29. Qe4 h6 30. Re5 1-0

[Event "SVK-chT1E 1213"]
[Site "Slovakia"]
[Date "2012.10.21"]
[Round "2.4"]
[White "Kopnicky, Vladimir"]
[Black "Holecko, Rastislav"]
[Result "1/2-1/2"]
[WhiteElo "2121"]
[BlackElo "2243"]
[PlyCount "62"]
[EventDate "2012.10.20"]
[EventType "team-tourn"]
[EventRounds "11"]
[EventCountry "SVK"]
[SourceTitle "EXT 2014"]
[Source "ChessBase"]
[SourceDate "2013.11.20"]
[SourceVersion "1"]
[SourceVersionDate "2013.11.20"]
[SourceQuality "1"]
[WhiteTeam "Svit"]
[BlackTeam "Michalovce Zemplin"]
[WhiteTeamCountry "SVK"]
[BlackTeamCountry "SVK"]

1. d4 Nf6 2. Nf3 e6 3. c4 d5 4. Nc3 c6 5. e3 Bd6 6. Bd3 Nbd7 7. 0-0 0-0 8. e4 dxe4 9. Nxe4 Nxe4 10. Bxe4 h6 11. Bc2 c5 12. Qd3 Nf6 13. Be3 Qc7 14. dxc5 Bxc5 15. Bxc5 Qxc5 16. Rfe1 Bd7 17. Ne5 Rfd8 18. Rad1 Qa5 19. a3 Ba4 20. Qe2 Rxd1 21. Bxd1 Rd8 22. Bxa4 Qxa4 23. Qf3 Qa5 24. b4 Qc7 25. Qe3 Qd6 26. h3 Qd2 27. Kf1 Rd4 28. Qxd2 Rxd2 29. Re2 Rd1+ 30. Re1 Rd2 31. Re2 Rd1+ 1/2-1/2

[Event "SVK-chT1E 1112"]
[Site "Slovakia"]
[Date "2012.02.05"]
[Round "9.5"]
[White "Kopnicky, Vladimir"]
[Black "Toma, Rudolf"]
[Result "1/2-1/2"]
[WhiteElo "2104"]
[BlackElo "2083"]
[PlyCount "31"]
[EventDate "2011.10.15"]
[EventType "team-tourn"]
[EventRounds "11"]
[EventCountry "SVK"]
[SourceTitle "EXT 2013"]
[Source "ChessBase"]
[SourceDate "2012.11.22"]
[SourceVersion "1"]
[SourceVersionDate "2012.11.22"]
[SourceQuality "1"]
[WhiteTeam "Svit"]
[BlackTeam "Sklene Patriots CC"]
[WhiteTeamCountry "SVK"]
[BlackTeamCountry "SVK"]

1. d4 Nf6 2. Nf3 g6 3. c4 Bg7 4. g3 0-0 5. Bg2 d6 6. 0-0 c5 7. d5 Bd7 8. Nc3 Na6 9. Nd2 Rb8 10. Rb1 b5 11. cxb5 Bxb5 12. b3 Bd7 13. h3 Qc8 14. h4 Bh3 15. Bb2 Nb4 16. Nc4 1/2-1/2

[Event "SVK-chT1E 1112"]
[Site "Slovakia"]
[Date "2012.02.04"]
[Round "8.5"]
[White "Horsak, Jan"]
[Black "Kopnicky, Vladimir"]
[Result "0-1"]
[WhiteElo "2109"]
[BlackElo "2104"]
[PlyCount "130"]
[EventDate "2011.10.15"]
[EventType "team-tourn"]
[EventRounds "11"]
[EventCountry "SVK"]
[SourceTitle "EXT 2013"]
[Source "ChessBase"]
[SourceDate "2012.11.22"]
[SourceVersion "1"]
[SourceVersionDate "2012.11.22"]
[SourceQuality "1"]
[WhiteTeam "Rajecke Teplice"]
[BlackTeam "Svit"]
[WhiteTeamCountry "SVK"]
[BlackTeamCountry "SVK"]

1. c4 e6 2. Nc3 d5 3. d4 Nf6 4. Nf3 Bb4 5. Bg5 h6 6. Bxf6 Qxf6 7. Qa4+ Nc6 8. e3 0-0 9. a3 Bxc3+ 10. bxc3 dxc4 11. Be2 Bd7 12. Qxc4 Rfc8 13. 0-0 e5 14. Nxe5 Nxe5 15. dxe5 Qxe5 16. Rfd1 Be6 17. Qd4 Qxd4 18. Rxd4 c5 19. Rd2 Kf8 20. f4 Ke7 21. Rb1 Rab8 22. g4 b6 23. Kf2 Bd7 24. e4 g5 25. Ke3 Ba4 26. h4 f6 27. Bf3 Rd8 28. Rxd8 Rxd8 29. hxg5 hxg5 30. fxg5 fxg5 31. Rh1 Kf6 32. Rh7 Rd7 33. Rh8 Re7 34. Rf8+ Kg7 35. Rf5 Kg6 36. Rd5 Kf6 37. Rf5+ Kg6 38. Rd5 Bb3 39. Rd8 Bc4 40. Bd1 Kf6 41. Bc2 Be6 42. Kf3 Ke5 43. Kg3 Rd7 44. Re8 c4 45. Rf8 Rd2 46. Ba4 Rd3+ 47. Rf3 Rd2 48. Bc6 Rd1 49. Rf8 Rc1 50. Rf3 Rg1+ 51. Kf2 Rxg4 52. Ke3 Rh4 53. Bd5 Bxd5 54. exd5 Re4+ 55. Kd2 Kxd5 56. Rf5+ Re5 57. Rf7 a5 58. a4 Ke4 59. Rf6 b5 60. Rc6 Kf3 61. axb5 Rxb5 62. Rxc4 g4 63. Rc8 g3 64. Rf8+ Kg4 65. Ke2 Re5+ 0-1

[Event "SVK-chT1E 1112"]
[Site "Slovakia"]
[Date "2011.12.11"]
[Round "6.5"]
[White "Sulko, Jan"]
[Black "Kopnicky, Vladimir"]
[Result "1/2-1/2"]
[WhiteElo "2070"]
[BlackElo "2104"]
[PlyCount "157"]
[EventDate "2011.10.15"]
[EventType "team-tourn"]
[EventRounds "11"]
[EventCountry "SVK"]
[SourceTitle "EXT 2013"]
[Source "ChessBase"]
[SourceDate "2012.11.22"]
[SourceVersion "1"]
[SourceVersionDate "2012.11.22"]
[SourceQuality "1"]
[WhiteTeam "Banska Bystrica"]
[BlackTeam "Svit"]
[WhiteTeamCountry "SVK"]
[BlackTeamCountry "SVK"]

1. d4 Nf6 2. Nc3 d5 3. Bg5 c6 4. Bxf6 exf6 5. e3 Be7 6. Bd3 Qb6 7. Rb1 0-0 8. Nge2 f5 9. 0-0 g6 10. b4 Qd8 11. a4 a5 12. b5 Nd7 13. Qc1 Bd6 14. g3 Nb6 15. Qb2 Rb8 16. Qb3 Be6 17. Nf4 Qc7 18. Nce2 c5 19. Nxe6 fxe6 20. dxc5 Qxc5 21. Nd4 Rfe8 22. Qa2 e5 23. Nb3 Qb4 24. c4 dxc4 25. Nd2 Qxa4 26. Qxa4 Nxa4 27. Nxc4 Bb4 28. Ra1 Nc5 29. Bc2 b6 30. Rfd1 Re7 31. Rd6 Nd7 32. Rc6 Rb7 33. Rd1 Kg7 34. Rd5 e4 35. Kg2 Bc5 36. h3 Ra7 37. Ba4 Kf7 38. g4 fxg4 39. hxg4 Nf6 40. Re5 Nd7 41. Rd5 Re6 42. g5 Ke7 43. Nd2 Bb4 44. Nb3 Bc5 45. Nd2 Bb4 46. Nc4 Nc5 47. Nxb6 Rxc6 48. bxc6 Nxa4 49. Nxa4 Ke6 50. Rd4 Rc7 51. Rxe4+ Kd5 52. Rh4 Kxc6 53. Nb2 Kb5 54. Nd3 Rd7 55. Ne5 Ra7 56. Nd3 Bc3 57. Nc1 a4 58. Na2 Ba5 59. Rh1 Rc7 60. Rb1+ Kc4 61. f4 Rd7 62. Kf3 Rd2 63. Nc1 Bc3 64. Ne2 a3 65. Nxc3 Kxc3 66. Rb7 a2 67. Ra7 Kb2 68. Rb7+ Kc1 69. Ra7 Kb1 70. Rxh7 a1Q 71. Rh1+ Kb2 72. Rxa1 Kxa1 73. e4 Kb2 74. f5 Kc3 75. f6 Rd1 76. Ke2 Rd2+ 77. Ke3 Rd3+ 78. Ke2 Rd2+ 79. Ke3 1/2-1/2

[Event "SVK-chT1E 1112"]
[Site "Slovakia"]
[Date "2011.12.10"]
[Round "5.5"]
[White "Klemanic, Emil"]
[Black "Kopnicky, Vladimir"]
[Result "1-0"]
[WhiteElo "2194"]
[BlackElo "2104"]
[PlyCount "79"]
[EventDate "2011.10.15"]
[EventType "team-tourn"]
[EventRounds "11"]
[EventCountry "SVK"]
[SourceTitle "EXT 2013"]
[Source "ChessBase"]
[SourceDate "2012.11.22"]
[SourceVersion "1"]
[SourceVersionDate "2012.11.22"]
[SourceQuality "1"]
[WhiteTeam "Kosice Slavia"]
[BlackTeam "Svit"]
[WhiteTeamCountry "SVK"]
[BlackTeamCountry "SVK"]

1. d4 Nf6 2. Nf3 d5 3. c4 c6 4. Nc3 e6 5. e3 Bd6 6. Bd3 Nbd7 7. 0-0 0-0 8. e4 dxe4 9. Nxe4 Nxe4 10. Bxe4 Nf6 11. Bg5 h6 12. Bxf6 Qxf6 13. Qe2 g6 14. c5 Bc7 15. Rfe1 Rd8 16. Rad1 Bd7 17. Qe3 Qg7 18. Qc3 Be8 19. Ne5 Rxd4 20. Qxd4 Bxe5 21. Qb4 f5 22. Bc2 Qc7 23. g3 Bf7 24. Bb3 Re8 25. f4 Bg7 26. Qd2 Bf8 27. Qc3 Bg7 28. Qc2 b6 29. Re2 bxc5 30. Qxc5 Qb6 31. Qxb6 axb6 32. Rd6 Bf8 33. Rxc6 Kg7 34. Bxe6 Re7 35. Kf1 Be8 36. Rxb6 Rc7 37. Bd5 Bd7 38. b4 Rc1+ 39. Re1 Rc7 40. a3 1-0

[Event "SVK-chT1E 1112"]
[Site "Slovakia"]
[Date "2011.10.16"]
[Round "2.5"]
[White "Miciak, Maros"]
[Black "Kopnicky, Vladimir"]
[Result "1/2-1/2"]
[WhiteElo "2097"]
[BlackElo "2104"]
[PlyCount "83"]
[EventDate "2011.10.15"]
[EventType "team-tourn"]
[EventRounds "11"]
[EventCountry "SVK"]
[SourceTitle "EXT 2013"]
[Source "ChessBase"]
[SourceDate "2012.11.22"]
[SourceVersion "1"]
[SourceVersionDate "2012.11.22"]
[SourceQuality "1"]
[WhiteTeam "Kysucke Nove Mesto"]
[BlackTeam "Svit"]
[WhiteTeamCountry "SVK"]
[BlackTeamCountry "SVK"]

1. e4 e5 2. d4 exd4 3. c3 d5 4. Qxd4 dxe4 5. Qxe4+ Qe7 6. Qxe7+ Bxe7 7. Bf4 c6 8. Nf3 Nf6 9. Bc4 0-0 10. 0-0 b5 11. Bb3 Nd5 12. Bxd5 cxd5 13. Re1 Nc6 14. Nbd2 Be6 15. Nb3 Bf6 16. Bg5 Bd8 17. Be3 Re8 18. Nc5 h6 19. Nd4 Nxd4 20. Bxd4 Bc7 21. Na6 Bd6 22. Be5 Bc8 23. Bxd6 Bxa6 24. Bc5 Re6 25. Rxe6 fxe6 26. a4 Kf7 27. f4 h5 28. Kf2 bxa4 29. Rxa4 Bb5 30. Rxa7+ Rxa7 31. Bxa7 Ke7 32. h3 g6 33. Bd4 Kd6 34. g4 hxg4 35. hxg4 Ba4 36. b4 Kc6 37. Ke2 Kb5 38. Kf3 Bd1+ 39. Kg3 Kc4 40. Kh4 Be2 41. Kg5 Bd1 42. Kxg6 1/2-1/2